Di penghujung senja

Bibliographic Details
Main Author: Zuraidah Othman
Format: Book
Published: Kuala Lumpur : Creative Enterprise , 1992
Subjects:

MARC

LEADER 00000cam a2200000 7i4500
001 0000008013
002 000008747
005 20000330.0
020 |a 9838930350 
090 0 0 |a F   |b ZUR 
100 0 |a Zuraidah Othman 
245 1 0 |a Di penghujung senja   |c Zuraidah Othman 
260 |a Kuala Lumpur :   |b Creative Enterprise ,   |c 1992 
300 |a 111 p. ;   |c 21 cm. 
650 0 0 |a General fiction, Malay 
999 |a 031881   |b BUKU   |c PINJAMAN   |e PERPUSTAKAAN KOMUNITI PETALING JAYA 
999 |a 031882   |b BUKU   |c PINJAMAN   |e PERPUSTAKAAN KOMUNITI PETALING JAYA 
999 |a 044540   |b BUKU   |c FICTION   |e PERPUSTAKAAN KOMUNITI CAW KOTA DAMANSARA